| 000 | 00408nab a2200145Ia 4500 | ||
|---|---|---|---|
| 003 | ES-SlBCS | ||
| 005 | 20210601131907.0 | ||
| 008 | 140529s1978 xxu||||| |||| 00| 0 ger d | ||
| 041 | _ager | ||
| 100 | 1 |
_aSchreiner, Stefan _971383 |
|
| 245 | 0 | 0 |
_aErwägungen zum Text Ps 90,5.10 _c Stefan Schreiner |
| 630 | 0 | 4 |
_aSalmo 90 _9134777 |
| 773 | 0 |
_tBiblica _gvol. 59, nº. 1, 1978, págs. 80-90 _wRev78 |
|
| 942 | _cAR | ||
| 999 |
_c570621 _d570621 |
||